1120 1035 1775 1616 1923 1757 1786 1277 1936 1302 1124 1527 1057 1301 1086 1114 1606 1822 1375 1283 1367 1041 1373 1195 1532 1595 1697 1733 1801 1540 1714 1094 1804 1700 1354 1476 1022 1875 1837 1704 1568 1024 1420 1020 1791 1108 1215 1825 1118 1197 1506 1195 1191 1925 1140 1396 1927 1974 1177 1567 1554 1473 1878 1787 1821 1470 1658 1857 1734 1878 1410 1582 1694 1684 1549 1840 1926 1872 1610 1800 1643 1759 1935 1150 1396 1543 1302 1143 1681 1868 1078 1332 1019 1808 1862 1060 1877 1806 1434 BCNSPRNW ULIB Ver.6.0+V

เปลี่ยนเป็นภาษาไทย

Change to English
 แสดงรายละเอียดบรรณานุกรม
  กลับหน้าหลัก

Brief Record : Get Marc (ISO 2709) : E-mail record : QR code < ปิดหน้าต่าง
LEADER : 00000nam 2200000uu 4500
001    13399112410
003     ULIB
008    110815s||||||||th 000 0 tha d
020    9786165000192
090    นว.^bล258ห 2553
100 0  ลัลล์ลลิล
245 00 เหมันต์นิรันดร/^cลัลล์ลลิล
250    พิมพ์ครั้งที่ 1
260    กรุงเทพฯ :^bพิมพ์คำ,^c2553
300    414 หน้า
710 1  พิมพ์คำ
945    ^p260^l0^i16989
995    กัณชพร
999    ^aใช้งานได้ทุกระบบ
รายการนี้ยังไม่มีแท็ก
คุณยังไม่ได้ล็อกอิน คุณสามารถมีกิจกรรมร่วมกับเว็บไซต์ได้ แต่ต้องล็อกอินก่อน ::
  ล็อกอิน

รายการสื่อสารสนเทศ

ลำดับที่ ประเภท เลขเรียก/บาร์โค้ด สถานที่ สถานะ
1. วิทยาศาสตร์การแพทย์ และสุขภาพ
วิทยาศาสตร์การแพทย์ และสุขภาพ
นว. ล258ห 2553  
  Barcode: 16989
ห้องสมุดวิทยาเขตสวรรค์ประชารักษ์
►นวนิยาย
บนชั้น
  ขอยืม

รายการใกล้เคียง
    ผู้แต่ง [ลัลล์ลลิล]

BibComment


ยังไม่เคยถูกคอมเมนท์

คอมเมนท์ทรัพยากรรายการนี้
  คอมเมนท์: เหมันต์นิรันดร ลั..


 Copyright 2026. Bcnsprnw @Library